Jour de la semaine aléatoire par date (2015-2019) - Statistiques

Statistiques générales
  • Ce quiz a été pris 42 fois
  • Le résultat moyen est 10 sur 10
Statistiques - réponses
Réponse Jour Mois Année % Correct
Dimanche 15 Mars 2015
100%
Dimanche 5 Juillet 2015
100%
Dimanche 4 Octobre 2015
100%
Dimanche 1 Novembre 2015
100%
Dimanche 24 Avril 2016
100%
Dimanche 8 Mai 2016
100%
Dimanche 15 Mai 2016
100%
Dimanche 17 Juillet 2016
100%
Dimanche 12 Mars 2017
100%
Dimanche 28 Mai 2017
100%
Dimanche 25 Juin 2017
100%
Dimanche 13 Aout 2017
100%
Dimanche 8 Octobre 2017
100%
Dimanche 28 Janvier 2018
100%
Dimanche 14 Octobre 2018
100%
Dimanche 4 Novembre 2018
100%
Dimanche 18 Novembre 2018
100%
Dimanche 9 Décembre 2018
100%
Dimanche 23 Décembre 2018
100%
Dimanche 26 Mai 2019
100%
Dimanche 14 Juillet 2019
100%
Dimanche 25 Aout 2019
100%
Dimanche 8 Décembre 2019
100%
Jeudi 30 Juillet 2015
100%
Jeudi 21 Avril 2016
100%
Jeudi 28 Avril 2016
100%
Jeudi 18 Aout 2016
100%
Jeudi 23 Février 2017
100%
Jeudi 13 Avril 2017
100%
Jeudi 11 Mai 2017
100%
Jeudi 15 Juin 2017
100%
Jeudi 14 Décembre 2017
100%
Jeudi 1 Mars 2018
100%
Jeudi 15 Mars 2018
100%
Jeudi 24 Mai 2018
100%
Jeudi 30 Mai 2019
100%
Lundi 19 Janvier 2015
100%
Lundi 26 Janvier 2015
100%
Lundi 9 Février 2015
100%
Lundi 7 Septembre 2015
100%
Lundi 21 Septembre 2015
100%
Lundi 12 Octobre 2015
100%
Lundi 19 Octobre 2015
100%
Lundi 4 Janvier 2016
100%
Lundi 22 Aout 2016
100%
Lundi 5 Septembre 2016
100%
Lundi 31 Octobre 2016
100%
Lundi 26 Décembre 2016
100%
Lundi 30 Janvier 2017
100%
Lundi 13 Février 2017
100%
Lundi 6 Mars 2017
100%
Lundi 27 Mars 2017
100%
Lundi 17 Avril 2017
100%
Lundi 19 Juin 2017
100%
Lundi 11 Septembre 2017
100%
Lundi 6 Novembre 2017
100%
Lundi 11 Décembre 2017
100%
Lundi 18 Décembre 2017
100%
Lundi 29 Janvier 2018
100%
Lundi 28 Mai 2018
100%
Lundi 16 Juillet 2018
100%
Lundi 30 Juillet 2018
100%
Lundi 3 Septembre 2018
100%
Lundi 10 Septembre 2018
100%
Lundi 17 Septembre 2018
100%
Lundi 12 Novembre 2018
100%
Lundi 19 Novembre 2018
100%
Lundi 10 Décembre 2018
100%
Lundi 17 Décembre 2018
100%
Lundi 18 Février 2019
100%
Lundi 1 Avril 2019
100%
Lundi 15 Avril 2019
100%
Lundi 3 Juin 2019
100%
Lundi 10 Juin 2019
100%
Lundi 14 Octobre 2019
100%
Lundi 25 Novembre 2019
100%
Mardi 6 Janvier 2015
100%
Mardi 17 Mars 2015
100%
Mardi 21 Avril 2015
100%
Mardi 4 Aout 2015
100%
Mardi 5 Janvier 2016
100%
Mardi 19 Janvier 2016
100%
Mardi 22 Mars 2016
100%
Mardi 17 Mai 2016
100%
Mardi 12 Juillet 2016
100%
Mardi 26 Juillet 2016
100%
Mardi 4 Octobre 2016
100%
Mardi 24 Janvier 2017
100%
Mardi 18 Avril 2017
100%
Mardi 9 Mai 2017
100%
Mardi 10 Octobre 2017
100%
Mardi 17 Octobre 2017
100%
Mardi 12 Décembre 2017
100%
Mardi 20 Mars 2018
100%
Mardi 3 Avril 2018
100%
Mardi 24 Avril 2018
100%
Mardi 15 Mai 2018
100%
Mardi 26 Février 2019
100%
Mardi 25 Juin 2019
100%
Mardi 17 Septembre 2019
100%
Mardi 19 Novembre 2019
100%
Mardi 10 Décembre 2019
100%
Mercredi 18 Février 2015
100%
Mercredi 18 Mars 2015
100%
Mercredi 24 Juin 2015
100%
Mercredi 23 Décembre 2015
100%
Mercredi 2 Mars 2016
100%
Mercredi 9 Mars 2016
100%
Mercredi 6 Avril 2016
100%
Mercredi 22 Juin 2016
100%
Mercredi 3 Aout 2016
100%
Mercredi 31 Aout 2016
100%
Mercredi 2 Novembre 2016
100%
Mercredi 14 Décembre 2016
100%
Mercredi 1 Février 2017
100%
Mercredi 19 Juillet 2017
100%
Mercredi 20 Septembre 2017
100%
Mercredi 11 Octobre 2017
100%
Mercredi 18 Juillet 2018
100%
Mercredi 25 Juillet 2018
100%
Mercredi 26 Septembre 2018
100%
Mercredi 19 Décembre 2018
100%
Mercredi 2 Janvier 2019
100%
Mercredi 23 Janvier 2019
100%
Mercredi 20 Février 2019
100%
Mercredi 3 Avril 2019
100%
Mercredi 8 Mai 2019
100%
Mercredi 23 Octobre 2019
100%
Mercredi 18 Décembre 2019
100%
Samedi 21 Février 2015
100%
Samedi 4 Avril 2015
100%
Samedi 14 Novembre 2015
100%
Samedi 13 Février 2016
100%
Samedi 9 Avril 2016
100%
Samedi 10 Décembre 2016
100%
Samedi 25 Mars 2017
100%
Samedi 15 Avril 2017
100%
Samedi 7 Octobre 2017
100%
Samedi 7 Avril 2018
100%
Samedi 14 Avril 2018
100%
Samedi 21 Avril 2018
100%
Samedi 14 Juillet 2018
100%
Samedi 4 Aout 2018
100%
Samedi 1 Septembre 2018
100%
Samedi 8 Septembre 2018
100%
Samedi 29 Septembre 2018
100%
Samedi 24 Novembre 2018
100%
Samedi 15 Décembre 2018
100%
Samedi 22 Décembre 2018
100%
Samedi 12 Janvier 2019
100%
Samedi 9 Février 2019
100%
Samedi 23 Mars 2019
100%
Samedi 30 Mars 2019
100%
Samedi 29 Juin 2019
100%
Samedi 9 Novembre 2019
100%
Samedi 7 Décembre 2019
100%
Vendredi 30 Janvier 2015
100%
Vendredi 13 Février 2015
100%
Vendredi 20 Février 2015
100%
Vendredi 6 Mars 2015
100%
Vendredi 27 Mars 2015
100%
Vendredi 1 Mai 2015
100%
Vendredi 29 Mai 2015
100%
Vendredi 9 Octobre 2015
100%
Vendredi 5 Aout 2016
100%
Vendredi 28 Octobre 2016
100%
Vendredi 2 Décembre 2016
100%
Vendredi 23 Décembre 2016
100%
Vendredi 2 Juin 2017
100%
Vendredi 27 Octobre 2017
100%
Vendredi 3 Novembre 2017
100%
Vendredi 23 Février 2018
100%
Vendredi 16 Mars 2018
100%
Vendredi 18 Mai 2018
100%
Vendredi 8 Juin 2018
100%
Vendredi 10 Aout 2018
100%
Vendredi 17 Aout 2018
100%
Vendredi 21 Septembre 2018
100%
Vendredi 21 Juin 2019
100%
Vendredi 5 Juillet 2019
100%
Vendredi 9 Aout 2019
100%
Mercredi 24 Octobre 2018
50%
Dimanche 4 Janvier 2015
0%
Dimanche 11 Janvier 2015
0%
Dimanche 18 Janvier 2015
0%
Dimanche 25 Janvier 2015
0%
Dimanche 1 Février 2015
0%
Dimanche 8 Février 2015
0%
Dimanche 15 Février 2015
0%
Dimanche 22 Février 2015
0%
Dimanche 1 Mars 2015
0%
Dimanche 8 Mars 2015
0%
Dimanche 22 Mars 2015
0%
Dimanche 29 Mars 2015
0%
Dimanche 5 Avril 2015
0%
Dimanche 12 Avril 2015
0%
Dimanche 19 Avril 2015
0%
Dimanche 26 Avril 2015
0%
Dimanche 3 Mai 2015
0%
Dimanche 10 Mai 2015
0%
Dimanche 17 Mai 2015
0%
Dimanche 24 Mai 2015
0%
Dimanche 31 Mai 2015
0%
Dimanche 7 Juin 2015
0%
Dimanche 14 Juin 2015
0%
Dimanche 21 Juin 2015
0%
Dimanche 28 Juin 2015
0%
Dimanche 12 Juillet 2015
0%
Dimanche 19 Juillet 2015
0%
Dimanche 26 Juillet 2015
0%
Dimanche 2 Aout 2015
0%
Dimanche 9 Aout 2015
0%
Dimanche 16 Aout 2015
0%
Dimanche 23 Aout 2015
0%
Dimanche 30 Aout 2015
0%
Dimanche 6 Septembre 2015
0%
Dimanche 13 Septembre 2015
0%
Dimanche 20 Septembre 2015
0%
Dimanche 27 Septembre 2015
0%
Dimanche 11 Octobre 2015
0%
Dimanche 18 Octobre 2015
0%
Dimanche 25 Octobre 2015
0%
Dimanche 8 Novembre 2015
0%
Dimanche 15 Novembre 2015
0%
Dimanche 22 Novembre 2015
0%
Dimanche 29 Novembre 2015
0%
Dimanche 6 Décembre 2015
0%
Dimanche 13 Décembre 2015
0%
Dimanche 20 Décembre 2015
0%
Dimanche 27 Décembre 2015
0%
Dimanche 3 Janvier 2016
0%
Dimanche 10 Janvier 2016
0%
Dimanche 17 Janvier 2016
0%
Dimanche 24 Janvier 2016
0%
Dimanche 31 Janvier 2016
0%
Dimanche 7 Février 2016
0%
Dimanche 14 Février 2016
0%
Dimanche 21 Février 2016
0%
Dimanche 28 Février 2016
0%
Dimanche 6 Mars 2016
0%
Dimanche 13 Mars 2016
0%
Dimanche 20 Mars 2016
0%
Dimanche 27 Mars 2016
0%
Dimanche 3 Avril 2016
0%
Dimanche 10 Avril 2016
0%
Dimanche 17 Avril 2016
0%
Dimanche 1 Mai 2016
0%
Dimanche 22 Mai 2016
0%
Dimanche 29 Mai 2016
0%
Dimanche 5 Juin 2016
0%
Dimanche 12 Juin 2016
0%
Dimanche 19 Juin 2016
0%
Dimanche 26 Juin 2016
0%
Dimanche 3 Juillet 2016
0%
Dimanche 10 Juillet 2016
0%
Dimanche 24 Juillet 2016
0%
Dimanche 31 Juillet 2016
0%
Dimanche 7 Aout 2016
0%
Dimanche 14 Aout 2016
0%
Dimanche 21 Aout 2016
0%
Dimanche 28 Aout 2016
0%
Dimanche 4 Septembre 2016
0%
Dimanche 11 Septembre 2016
0%
Dimanche 18 Septembre 2016
0%
Dimanche 25 Septembre 2016
0%
Dimanche 2 Octobre 2016
0%
Dimanche 9 Octobre 2016
0%
Dimanche 16 Octobre 2016
0%
Dimanche 23 Octobre 2016
0%
Dimanche 30 Octobre 2016
0%
Dimanche 6 Novembre 2016
0%
Dimanche 13 Novembre 2016
0%
Dimanche 20 Novembre 2016
0%
Dimanche 27 Novembre 2016
0%
Dimanche 4 Décembre 2016
0%
Dimanche 11 Décembre 2016
0%
Dimanche 18 Décembre 2016
0%
Dimanche 25 Décembre 2016
0%
Dimanche 1 Janvier 2017
0%
Dimanche 8 Janvier 2017
0%
Dimanche 15 Janvier 2017
0%
Dimanche 22 Janvier 2017
0%
Dimanche 29 Janvier 2017
0%
Dimanche 5 Février 2017
0%
Dimanche 12 Février 2017
0%
Dimanche 19 Février 2017
0%
Dimanche 26 Février 2017
0%
Dimanche 5 Mars 2017
0%
Dimanche 19 Mars 2017
0%
Dimanche 26 Mars 2017
0%
Dimanche 2 Avril 2017
0%
Dimanche 9 Avril 2017
0%
Dimanche 16 Avril 2017
0%
Dimanche 23 Avril 2017
0%
Dimanche 30 Avril 2017
0%
Dimanche 7 Mai 2017
0%
Dimanche 14 Mai 2017
0%
Dimanche 21 Mai 2017
0%
Dimanche 4 Juin 2017
0%
Dimanche 11 Juin 2017
0%
Dimanche 18 Juin 2017
0%
Dimanche 2 Juillet 2017
0%
Dimanche 9 Juillet 2017
0%
Dimanche 16 Juillet 2017
0%
Dimanche 23 Juillet 2017
0%
Dimanche 30 Juillet 2017
0%
Dimanche 6 Aout 2017
0%
Dimanche 20 Aout 2017
0%
Dimanche 27 Aout 2017
0%
Dimanche 3 Septembre 2017
0%
Dimanche 10 Septembre 2017
0%
Dimanche 17 Septembre 2017
0%
Dimanche 24 Septembre 2017
0%
Dimanche 1 Octobre 2017
0%
Dimanche 15 Octobre 2017
0%
Dimanche 22 Octobre 2017
0%
Dimanche 29 Octobre 2017
0%
Dimanche 5 Novembre 2017
0%
Dimanche 12 Novembre 2017
0%
Dimanche 19 Novembre 2017
0%
Dimanche 26 Novembre 2017
0%
Dimanche 3 Décembre 2017
0%
Dimanche 10 Décembre 2017
0%
Dimanche 17 Décembre 2017
0%
Dimanche 24 Décembre 2017
0%
Dimanche 31 Décembre 2017
0%
Dimanche 7 Janvier 2018
0%
Dimanche 14 Janvier 2018
0%
Dimanche 21 Janvier 2018
0%
Dimanche 4 Février 2018
0%
Dimanche 11 Février 2018
0%
Dimanche 18 Février 2018
0%
Dimanche 25 Février 2018
0%
Dimanche 4 Mars 2018
0%
Dimanche 11 Mars 2018
0%
Dimanche 18 Mars 2018
0%
Dimanche 25 Mars 2018
0%
Dimanche 1 Avril 2018
0%
Dimanche 8 Avril 2018
0%
Dimanche 15 Avril 2018
0%
Dimanche 22 Avril 2018
0%
Dimanche 29 Avril 2018
0%
Dimanche 6 Mai 2018
0%
Dimanche 13 Mai 2018
0%
Dimanche 20 Mai 2018
0%
Dimanche 27 Mai 2018
0%
Dimanche 3 Juin 2018
0%
Dimanche 10 Juin 2018
0%
Dimanche 17 Juin 2018
0%
Dimanche 24 Juin 2018
0%
Dimanche 1 Juillet 2018
0%
Dimanche 8 Juillet 2018
0%
Dimanche 15 Juillet 2018
0%
Dimanche 22 Juillet 2018
0%
Dimanche 29 Juillet 2018
0%
Dimanche 5 Aout 2018
0%
Dimanche 12 Aout 2018
0%
Dimanche 19 Aout 2018
0%
Dimanche 26 Aout 2018
0%
Dimanche 2 Septembre 2018
0%
Dimanche 9 Septembre 2018
0%
Dimanche 16 Septembre 2018
0%
Dimanche 23 Septembre 2018
0%
Dimanche 30 Septembre 2018
0%
Dimanche 7 Octobre 2018
0%
Dimanche 21 Octobre 2018
0%
Dimanche 28 Octobre 2018
0%
Dimanche 11 Novembre 2018
0%
Dimanche 25 Novembre 2018
0%
Dimanche 2 Décembre 2018
0%
Dimanche 16 Décembre 2018
0%
Dimanche 30 Décembre 2018
0%
Dimanche 6 Janvier 2019
0%
Dimanche 13 Janvier 2019
0%
Dimanche 20 Janvier 2019
0%
Dimanche 27 Janvier 2019
0%
Dimanche 3 Février 2019
0%
Dimanche 10 Février 2019
0%
Dimanche 17 Février 2019
0%
Dimanche 24 Février 2019
0%
Dimanche 3 Mars 2019
0%
Dimanche 10 Mars 2019
0%
Dimanche 17 Mars 2019
0%
Dimanche 24 Mars 2019
0%
Dimanche 31 Mars 2019
0%
Dimanche 7 Avril 2019
0%
Dimanche 14 Avril 2019
0%
Dimanche 21 Avril 2019
0%
Dimanche 28 Avril 2019
0%
Dimanche 5 Mai 2019
0%
Dimanche 12 Mai 2019
0%
Dimanche 19 Mai 2019
0%
Dimanche 2 Juin 2019
0%
Dimanche 9 Juin 2019
0%
Dimanche 16 Juin 2019
0%
Dimanche 23 Juin 2019
0%
Dimanche 30 Juin 2019
0%
Dimanche 7 Juillet 2019
0%
Dimanche 21 Juillet 2019
0%
Dimanche 28 Juillet 2019
0%
Dimanche 4 Aout 2019
0%
Dimanche 11 Aout 2019
0%
Dimanche 18 Aout 2019
0%
Dimanche 1 Septembre 2019
0%
Dimanche 8 Septembre 2019
0%
Dimanche 15 Septembre 2019
0%
Dimanche 22 Septembre 2019
0%
Dimanche 29 Septembre 2019
0%
Dimanche 6 Octobre 2019
0%
Dimanche 13 Octobre 2019
0%
Dimanche 20 Octobre 2019
0%
Dimanche 27 Octobre 2019
0%
Dimanche 3 Novembre 2019
0%
Dimanche 10 Novembre 2019
0%
Dimanche 17 Novembre 2019
0%
Dimanche 24 Novembre 2019
0%
Dimanche 1 Décembre 2019
0%
Dimanche 15 Décembre 2019
0%
Dimanche 22 Décembre 2019
0%
Dimanche 29 Décembre 2019
0%
Jeudi 1 Janvier 2015
0%
Jeudi 8 Janvier 2015
0%
Jeudi 15 Janvier 2015
0%
Jeudi 22 Janvier 2015
0%
Jeudi 29 Janvier 2015
0%
Jeudi 5 Février 2015
0%
Jeudi 12 Février 2015
0%
Jeudi 19 Février 2015
0%
Jeudi 26 Février 2015
0%
Jeudi 5 Mars 2015
0%
Jeudi 12 Mars 2015
0%
Jeudi 19 Mars 2015
0%
Jeudi 26 Mars 2015
0%
Jeudi 2 Avril 2015
0%
Jeudi 9 Avril 2015
0%
Jeudi 16 Avril 2015
0%
Jeudi 23 Avril 2015
0%
Jeudi 30 Avril 2015
0%
Jeudi 7 Mai 2015
0%
Jeudi 14 Mai 2015
0%
Jeudi 21 Mai 2015
0%
Jeudi 28 Mai 2015
0%
Jeudi 4 Juin 2015
0%
Jeudi 11 Juin 2015
0%
Jeudi 18 Juin 2015
0%
Jeudi 25 Juin 2015
0%
Jeudi 2 Juillet 2015
0%
Jeudi 9 Juillet 2015
0%
Jeudi 16 Juillet 2015
0%
Jeudi 23 Juillet 2015
0%
Jeudi 6 Aout 2015
0%
Jeudi 13 Aout 2015
0%
Jeudi 20 Aout 2015
0%
Jeudi 27 Aout 2015
0%
Jeudi 3 Septembre 2015
0%
Jeudi 10 Septembre 2015
0%
Jeudi 17 Septembre 2015
0%
Jeudi 24 Septembre 2015
0%
Jeudi 1 Octobre 2015
0%
Jeudi 8 Octobre 2015
0%
Jeudi 15 Octobre 2015
0%
Jeudi 22 Octobre 2015
0%
Jeudi 29 Octobre 2015
0%
Jeudi 5 Novembre 2015
0%
Jeudi 12 Novembre 2015
0%
Jeudi 19 Novembre 2015
0%
Jeudi 26 Novembre 2015
0%
Jeudi 3 Décembre 2015
0%
Jeudi 10 Décembre 2015
0%
Jeudi 17 Décembre 2015
0%
Jeudi 24 Décembre 2015
0%
Jeudi 31 Décembre 2015
0%
Jeudi 7 Janvier 2016
0%
Jeudi 14 Janvier 2016
0%
Jeudi 21 Janvier 2016
0%
Jeudi 28 Janvier 2016
0%
Jeudi 4 Février 2016
0%
Jeudi 11 Février 2016
0%
Jeudi 18 Février 2016
0%
Jeudi 25 Février 2016
0%
Jeudi 3 Mars 2016
0%
Jeudi 10 Mars 2016
0%
Jeudi 17 Mars 2016
0%
Jeudi 24 Mars 2016
0%
Jeudi 31 Mars 2016
0%
Jeudi 7 Avril 2016
0%
Jeudi 14 Avril 2016
0%
Jeudi 5 Mai 2016
0%
Jeudi 12 Mai 2016
0%
Jeudi 19 Mai 2016
0%
Jeudi 26 Mai 2016
0%
Jeudi 2 Juin 2016
0%
Jeudi 9 Juin 2016
0%
Jeudi 16 Juin 2016
0%
Jeudi 23 Juin 2016
0%
Jeudi 30 Juin 2016
0%
Jeudi 7 Juillet 2016
0%
Jeudi 14 Juillet 2016
0%
Jeudi 21 Juillet 2016
0%
Jeudi 28 Juillet 2016
0%
Jeudi 4 Aout 2016
0%
Jeudi 11 Aout 2016
0%
Jeudi 25 Aout 2016
0%
Jeudi 1 Septembre 2016
0%
Jeudi 8 Septembre 2016
0%
Jeudi 15 Septembre 2016
0%
Jeudi 22 Septembre 2016
0%
Jeudi 29 Septembre 2016
0%
Jeudi 6 Octobre 2016
0%
Jeudi 13 Octobre 2016
0%
Jeudi 20 Octobre 2016
0%
Jeudi 27 Octobre 2016
0%
Jeudi 3 Novembre 2016
0%
Jeudi 10 Novembre 2016
0%
Jeudi 17 Novembre 2016
0%
Jeudi 24 Novembre 2016
0%
Jeudi 1 Décembre 2016
0%
Jeudi 8 Décembre 2016
0%
Jeudi 15 Décembre 2016
0%
Jeudi 22 Décembre 2016
0%
Jeudi 29 Décembre 2016
0%
Jeudi 5 Janvier 2017
0%
Jeudi 12 Janvier 2017
0%
Jeudi 19 Janvier 2017
0%
Jeudi 26 Janvier 2017
0%
Jeudi 2 Février 2017
0%
Jeudi 9 Février 2017
0%
Jeudi 16 Février 2017
0%
Jeudi 2 Mars 2017
0%
Jeudi 9 Mars 2017
0%
Jeudi 16 Mars 2017
0%
Jeudi 23 Mars 2017
0%
Jeudi 30 Mars 2017
0%
Jeudi 6 Avril 2017
0%
Jeudi 20 Avril 2017
0%
Jeudi 27 Avril 2017
0%
Jeudi 4 Mai 2017
0%
Jeudi 18 Mai 2017
0%
Jeudi 25 Mai 2017
0%
Jeudi 1 Juin 2017
0%
Jeudi 8 Juin 2017
0%
Jeudi 22 Juin 2017
0%
Jeudi 29 Juin 2017
0%
Jeudi 6 Juillet 2017
0%
Jeudi 13 Juillet 2017
0%
Jeudi 20 Juillet 2017
0%
Jeudi 27 Juillet 2017
0%
Jeudi 3 Aout 2017
0%
Jeudi 10 Aout 2017
0%
Jeudi 17 Aout 2017
0%
Jeudi 24 Aout 2017
0%
Jeudi 31 Aout 2017
0%
Jeudi 7 Septembre 2017
0%
Jeudi 14 Septembre 2017
0%
Jeudi 21 Septembre 2017
0%
Jeudi 28 Septembre 2017
0%
Jeudi 5 Octobre 2017
0%
Jeudi 12 Octobre 2017
0%
Jeudi 19 Octobre 2017
0%
Jeudi 26 Octobre 2017
0%
Jeudi 2 Novembre 2017
0%
Jeudi 9 Novembre 2017
0%
Jeudi 16 Novembre 2017
0%
Jeudi 23 Novembre 2017
0%
Jeudi 30 Novembre 2017
0%
Jeudi 7 Décembre 2017
0%
Jeudi 21 Décembre 2017
0%
Jeudi 28 Décembre 2017
0%
Jeudi 4 Janvier 2018
0%
Jeudi 11 Janvier 2018
0%
Jeudi 18 Janvier 2018
0%
Jeudi 25 Janvier 2018
0%
Jeudi 1 Février 2018
0%
Jeudi 8 Février 2018
0%
Jeudi 15 Février 2018
0%
Jeudi 22 Février 2018
0%
Jeudi 8 Mars 2018
0%
Jeudi 22 Mars 2018
0%
Jeudi 29 Mars 2018
0%
Jeudi 5 Avril 2018
0%
Jeudi 12 Avril 2018
0%
Jeudi 19 Avril 2018
0%
Jeudi 26 Avril 2018
0%
Jeudi 3 Mai 2018
0%
Jeudi 10 Mai 2018
0%
Jeudi 17 Mai 2018
0%
Jeudi 31 Mai 2018
0%
Jeudi 7 Juin 2018
0%
Jeudi 14 Juin 2018
0%
Jeudi 21 Juin 2018
0%
Jeudi 28 Juin 2018
0%
Jeudi 5 Juillet 2018
0%
Jeudi 12 Juillet 2018
0%
Jeudi 19 Juillet 2018
0%
Jeudi 26 Juillet 2018
0%
Jeudi 2 Aout 2018
0%
Jeudi 9 Aout 2018
0%
Jeudi 16 Aout 2018
0%
Jeudi 23 Aout 2018
0%
Jeudi 30 Aout 2018
0%
Jeudi 6 Septembre 2018
0%
Jeudi 13 Septembre 2018
0%
Jeudi 20 Septembre 2018
0%
Jeudi 27 Septembre 2018
0%
Jeudi 4 Octobre 2018
0%
Jeudi 11 Octobre 2018
0%
Jeudi 18 Octobre 2018
0%
Jeudi 25 Octobre 2018
0%
Jeudi 1 Novembre 2018
0%
Jeudi 8 Novembre 2018
0%
Jeudi 15 Novembre 2018
0%
Jeudi 22 Novembre 2018
0%
Jeudi 29 Novembre 2018
0%
Jeudi 6 Décembre 2018
0%
Jeudi 13 Décembre 2018
0%
Jeudi 20 Décembre 2018
0%
Jeudi 27 Décembre 2018
0%
Jeudi 3 Janvier 2019
0%
Jeudi 10 Janvier 2019
0%
Jeudi 17 Janvier 2019
0%
Jeudi 24 Janvier 2019
0%
Jeudi 31 Janvier 2019
0%
Jeudi 7 Février 2019
0%
Jeudi 14 Février 2019
0%
Jeudi 21 Février 2019
0%
Jeudi 28 Février 2019
0%
Jeudi 7 Mars 2019
0%
Jeudi 14 Mars 2019
0%
Jeudi 21 Mars 2019
0%
Jeudi 28 Mars 2019
0%
Jeudi 4 Avril 2019
0%
Jeudi 11 Avril 2019
0%
Jeudi 18 Avril 2019
0%
Jeudi 25 Avril 2019
0%
Jeudi 2 Mai 2019
0%
Jeudi 9 Mai 2019
0%
Jeudi 16 Mai 2019
0%
Jeudi 23 Mai 2019
0%
Jeudi 6 Juin 2019
0%
Jeudi 13 Juin 2019
0%
Jeudi 20 Juin 2019
0%
Jeudi 27 Juin 2019
0%
Jeudi 4 Juillet 2019
0%
Jeudi 11 Juillet 2019
0%
Jeudi 18 Juillet 2019
0%
Jeudi 25 Juillet 2019
0%
Jeudi 1 Aout 2019
0%
Jeudi 8 Aout 2019
0%
Jeudi 15 Aout 2019
0%
Jeudi 22 Aout 2019
0%
Jeudi 29 Aout 2019
0%
Jeudi 5 Septembre 2019
0%
Jeudi 12 Septembre 2019
0%
Jeudi 19 Septembre 2019
0%
Jeudi 26 Septembre 2019
0%
Jeudi 3 Octobre 2019
0%
Jeudi 10 Octobre 2019
0%
Jeudi 17 Octobre 2019
0%
Jeudi 24 Octobre 2019
0%
Jeudi 31 Octobre 2019
0%
Jeudi 7 Novembre 2019
0%
Jeudi 14 Novembre 2019
0%
Jeudi 21 Novembre 2019
0%
Jeudi 28 Novembre 2019
0%
Jeudi 5 Décembre 2019
0%
Jeudi 12 Décembre 2019
0%
Jeudi 19 Décembre 2019
0%
Jeudi 26 Décembre 2019
0%
Lundi 5 Janvier 2015
0%
Lundi 12 Janvier 2015
0%
Lundi 2 Février 2015
0%
Lundi 16 Février 2015
0%
Lundi 23 Février 2015
0%
Lundi 2 Mars 2015
0%
Lundi 9 Mars 2015
0%
Lundi 16 Mars 2015
0%
Lundi 23 Mars 2015
0%
Lundi 30 Mars 2015
0%
Lundi 6 Avril 2015
0%
Lundi 13 Avril 2015
0%
Lundi 20 Avril 2015
0%
Lundi 27 Avril 2015
0%
Lundi 4 Mai 2015
0%
Lundi 11 Mai 2015
0%
Lundi 18 Mai 2015
0%
Lundi 25 Mai 2015
0%
Lundi 1 Juin 2015
0%
Lundi 8 Juin 2015
0%
Lundi 15 Juin 2015
0%
Lundi 22 Juin 2015
0%
Lundi 29 Juin 2015
0%
Lundi 6 Juillet 2015
0%
Lundi 13 Juillet 2015
0%
Lundi 20 Juillet 2015
0%
Lundi 27 Juillet 2015
0%
Lundi 3 Aout 2015
0%
Lundi 10 Aout 2015
0%
Lundi 17 Aout 2015
0%
Lundi 24 Aout 2015
0%
Lundi 31 Aout 2015
0%
Lundi 14 Septembre 2015
0%
Lundi 28 Septembre 2015
0%
Lundi 5 Octobre 2015
0%
Lundi 26 Octobre 2015
0%
Lundi 2 Novembre 2015
0%
Lundi 9 Novembre 2015
0%
Lundi 16 Novembre 2015
0%
Lundi 23 Novembre 2015
0%
Lundi 30 Novembre 2015
0%
Lundi 7 Décembre 2015
0%
Lundi 14 Décembre 2015
0%
Lundi 21 Décembre 2015
0%
Lundi 28 Décembre 2015
0%
Lundi 11 Janvier 2016
0%
Lundi 18 Janvier 2016
0%
Lundi 25 Janvier 2016
0%
Lundi 1 Février 2016
0%
Lundi 8 Février 2016
0%
Lundi 15 Février 2016
0%
Lundi 22 Février 2016
0%
Lundi 29 Février 2016
0%
Lundi 7 Mars 2016
0%
Lundi 14 Mars 2016
0%
Lundi 21 Mars 2016
0%
Lundi 28 Mars 2016
0%
Lundi 4 Avril 2016
0%
Lundi 11 Avril 2016
0%
Lundi 18 Avril 2016
0%
Lundi 25 Avril 2016
0%
Lundi 2 Mai 2016
0%
Lundi 9 Mai 2016
0%
Lundi 16 Mai 2016
0%
Lundi 23 Mai 2016
0%
Lundi 30 Mai 2016
0%
Lundi 6 Juin 2016
0%
Lundi 13 Juin 2016
0%
Lundi 20 Juin 2016
0%
Lundi 27 Juin 2016
0%
Lundi 4 Juillet 2016
0%
Lundi 11 Juillet 2016
0%
Lundi 18 Juillet 2016
0%
Lundi 25 Juillet 2016
0%
Lundi 1 Aout 2016
0%
Lundi 8 Aout 2016
0%
Lundi 15 Aout 2016
0%
Lundi 29 Aout 2016
0%
Lundi 12 Septembre 2016
0%
Lundi 19 Septembre 2016
0%
Lundi 26 Septembre 2016
0%
Lundi 3 Octobre 2016
0%
Lundi 10 Octobre 2016
0%
Lundi 17 Octobre 2016
0%
Lundi 24 Octobre 2016
0%
Lundi 7 Novembre 2016
0%
Lundi 14 Novembre 2016
0%
Lundi 21 Novembre 2016
0%
Lundi 28 Novembre 2016
0%
Lundi 5 Décembre 2016
0%
Lundi 12 Décembre 2016
0%
Lundi 19 Décembre 2016
0%
Lundi 2 Janvier 2017
0%
Lundi 9 Janvier 2017
0%
Lundi 16 Janvier 2017
0%
Lundi 23 Janvier 2017
0%
Lundi 6 Février 2017
0%
Lundi 20 Février 2017
0%
Lundi 27 Février 2017
0%
Lundi 13 Mars 2017
0%
Lundi 20 Mars 2017
0%
Lundi 3 Avril 2017
0%
Lundi 10 Avril 2017
0%
Lundi 24 Avril 2017
0%
Lundi 1 Mai 2017
0%
Lundi 8 Mai 2017
0%
Lundi 15 Mai 2017
0%
Lundi 22 Mai 2017
0%
Lundi 29 Mai 2017
0%
Lundi 5 Juin 2017
0%
Lundi 12 Juin 2017
0%
Lundi 26 Juin 2017
0%
Lundi 3 Juillet 2017
0%
Lundi 10 Juillet 2017
0%
Lundi 17 Juillet 2017
0%
Lundi 24 Juillet 2017
0%
Lundi 31 Juillet 2017
0%
Lundi 7 Aout 2017
0%
Lundi 14 Aout 2017
0%
Lundi 21 Aout 2017
0%
Lundi 28 Aout 2017
0%
Lundi 4 Septembre 2017
0%
Lundi 18 Septembre 2017
0%
Lundi 25 Septembre 2017
0%
Lundi 2 Octobre 2017
0%
Lundi 9 Octobre 2017
0%
Lundi 16 Octobre 2017
0%
Lundi 23 Octobre 2017
0%
Lundi 30 Octobre 2017
0%
Lundi 13 Novembre 2017
0%
Lundi 20 Novembre 2017
0%
Lundi 27 Novembre 2017
0%
Lundi 4 Décembre 2017
0%
Lundi 25 Décembre 2017
0%
Lundi 1 Janvier 2018
0%
Lundi 8 Janvier 2018
0%
Lundi 15 Janvier 2018
0%
Lundi 22 Janvier 2018
0%
Lundi 5 Février 2018
0%
Lundi 12 Février 2018
0%
Lundi 19 Février 2018
0%
Lundi 26 Février 2018
0%
Lundi 5 Mars 2018
0%
Lundi 12 Mars 2018
0%
Lundi 19 Mars 2018
0%
Lundi 26 Mars 2018
0%
Lundi 2 Avril 2018
0%
Lundi 9 Avril 2018
0%
Lundi 16 Avril 2018
0%
Lundi 23 Avril 2018
0%
Lundi 30 Avril 2018
0%
Lundi 7 Mai 2018
0%
Lundi 14 Mai 2018
0%
Lundi 21 Mai 2018
0%
Lundi 4 Juin 2018
0%
Lundi 11 Juin 2018
0%
Lundi 18 Juin 2018
0%
Lundi 25 Juin 2018
0%
Lundi 2 Juillet 2018
0%
Lundi 9 Juillet 2018
0%
Lundi 23 Juillet 2018
0%
Lundi 6 Aout 2018
0%
Lundi 13 Aout 2018
0%
Lundi 20 Aout 2018
0%
Lundi 27 Aout 2018
0%
Lundi 24 Septembre 2018
0%
Lundi 1 Octobre 2018
0%
Lundi 8 Octobre 2018
0%
Lundi 15 Octobre 2018
0%
Lundi 22 Octobre 2018
0%
Lundi 29 Octobre 2018
0%
Lundi 5 Novembre 2018
0%
Lundi 26 Novembre 2018
0%
Lundi 3 Décembre 2018
0%
Lundi 24 Décembre 2018
0%
Lundi 31 Décembre 2018
0%
Lundi 7 Janvier 2019
0%
Lundi 14 Janvier 2019
0%
Lundi 21 Janvier 2019
0%
Lundi 28 Janvier 2019
0%
Lundi 4 Février 2019
0%
Lundi 11 Février 2019
0%
Lundi 25 Février 2019
0%
Lundi 4 Mars 2019
0%
Lundi 11 Mars 2019
0%
Lundi 18 Mars 2019
0%
Lundi 25 Mars 2019
0%
Lundi 8 Avril 2019
0%
Lundi 22 Avril 2019
0%
Lundi 29 Avril 2019
0%
Lundi 6 Mai 2019
0%
Lundi 13 Mai 2019
0%
Lundi 20 Mai 2019
0%
Lundi 27 Mai 2019
0%
Lundi 17 Juin 2019
0%
Lundi 24 Juin 2019
0%
Lundi 1 Juillet 2019
0%
Lundi 8 Juillet 2019
0%
Lundi 15 Juillet 2019
0%
Lundi 22 Juillet 2019
0%
Lundi 29 Juillet 2019
0%
Lundi 5 Aout 2019
0%
Lundi 12 Aout 2019
0%
Lundi 19 Aout 2019
0%
Lundi 26 Aout 2019
0%
Lundi 2 Septembre 2019
0%
Lundi 9 Septembre 2019
0%
Lundi 16 Septembre 2019
0%
Lundi 23 Septembre 2019
0%
Lundi 30 Septembre 2019
0%
Lundi 7 Octobre 2019
0%
Lundi 21 Octobre 2019
0%
Lundi 28 Octobre 2019
0%
Lundi 4 Novembre 2019
0%
Lundi 11 Novembre 2019
0%
Lundi 18 Novembre 2019
0%
Lundi 2 Décembre 2019
0%
Lundi 9 Décembre 2019
0%
Lundi 16 Décembre 2019
0%
Lundi 23 Décembre 2019
0%
Lundi 30 Décembre 2019
0%
Mardi 13 Janvier 2015
0%
Mardi 20 Janvier 2015
0%
Mardi 27 Janvier 2015
0%
Mardi 3 Février 2015
0%
Mardi 10 Février 2015
0%
Mardi 17 Février 2015
0%
Mardi 24 Février 2015
0%
Mardi 3 Mars 2015
0%
Mardi 10 Mars 2015
0%
Mardi 24 Mars 2015
0%
Mardi 31 Mars 2015
0%
Mardi 7 Avril 2015
0%
Mardi 14 Avril 2015
0%
Mardi 28 Avril 2015
0%
Mardi 5 Mai 2015
0%
Mardi 12 Mai 2015
0%
Mardi 19 Mai 2015
0%
Mardi 26 Mai 2015
0%
Mardi 2 Juin 2015
0%
Mardi 9 Juin 2015
0%
Mardi 16 Juin 2015
0%
Mardi 23 Juin 2015
0%
Mardi 30 Juin 2015
0%
Mardi 7 Juillet 2015
0%
Mardi 14 Juillet 2015
0%
Mardi 21 Juillet 2015
0%
Mardi 28 Juillet 2015
0%
Mardi 11 Aout 2015
0%
Mardi 18 Aout 2015
0%
Mardi 25 Aout 2015
0%
Mardi 1 Septembre 2015
0%
Mardi 8 Septembre 2015
0%
Mardi 15 Septembre 2015
0%
Mardi 22 Septembre 2015
0%
Mardi 29 Septembre 2015
0%
Mardi 6 Octobre 2015
0%
Mardi 13 Octobre 2015
0%
Mardi 20 Octobre 2015
0%
Mardi 27 Octobre 2015
0%
Mardi 3 Novembre 2015
0%
Mardi 10 Novembre 2015
0%
Mardi 17 Novembre 2015
0%
Mardi 24 Novembre 2015
0%
Mardi 1 Décembre 2015
0%
Mardi 8 Décembre 2015
0%
Mardi 15 Décembre 2015
0%
Mardi 22 Décembre 2015
0%
Mardi 29 Décembre 2015
0%
Mardi 12 Janvier 2016
0%
Mardi 26 Janvier 2016
0%
Mardi 2 Février 2016
0%
Mardi 9 Février 2016
0%
Mardi 16 Février 2016
0%
Mardi 23 Février 2016
0%
Mardi 1 Mars 2016
0%
Mardi 8 Mars 2016
0%
Mardi 15 Mars 2016
0%
Mardi 29 Mars 2016
0%
Mardi 5 Avril 2016
0%
Mardi 12 Avril 2016
0%
Mardi 19 Avril 2016
0%
Mardi 26 Avril 2016
0%
Mardi 3 Mai 2016
0%
Mardi 10 Mai 2016
0%
Mardi 24 Mai 2016
0%
Mardi 31 Mai 2016
0%
Mardi 7 Juin 2016
0%
Mardi 14 Juin 2016
0%
Mardi 21 Juin 2016
0%
Mardi 28 Juin 2016
0%
Mardi 5 Juillet 2016
0%
Mardi 19 Juillet 2016
0%
Mardi 2 Aout 2016
0%
Mardi 9 Aout 2016
0%
Mardi 16 Aout 2016
0%
Mardi 23 Aout 2016
0%
Mardi 30 Aout 2016
0%
Mardi 6 Septembre 2016
0%
Mardi 13 Septembre 2016
0%
Mardi 20 Septembre 2016
0%
Mardi 27 Septembre 2016
0%
Mardi 11 Octobre 2016
0%
Mardi 18 Octobre 2016
0%
Mardi 25 Octobre 2016
0%
Mardi 1 Novembre 2016
0%
Mardi 8 Novembre 2016
0%
Mardi 15 Novembre 2016
0%
Mardi 22 Novembre 2016
0%
Mardi 29 Novembre 2016
0%
Mardi 6 Décembre 2016
0%
Mardi 13 Décembre 2016
0%
Mardi 20 Décembre 2016
0%
Mardi 27 Décembre 2016
0%
Mardi 3 Janvier 2017
0%
Mardi 10 Janvier 2017
0%
Mardi 17 Janvier 2017
0%
Mardi 31 Janvier 2017
0%
Mardi 7 Février 2017
0%
Mardi 14 Février 2017
0%
Mardi 21 Février 2017
0%
Mardi 28 Février 2017
0%
Mardi 7 Mars 2017
0%
Mardi 14 Mars 2017
0%
Mardi 21 Mars 2017
0%
Mardi 28 Mars 2017
0%
Mardi 4 Avril 2017
0%
Mardi 11 Avril 2017
0%
Mardi 25 Avril 2017
0%
Mardi 2 Mai 2017
0%
Mardi 16 Mai 2017
0%
Mardi 23 Mai 2017
0%
Mardi 30 Mai 2017
0%
Mardi 6 Juin 2017
0%
Mardi 13 Juin 2017
0%
Mardi 20 Juin 2017
0%
Mardi 27 Juin 2017
0%
Mardi 4 Juillet 2017
0%
Mardi 11 Juillet 2017
0%
Mardi 18 Juillet 2017
0%
Mardi 25 Juillet 2017
0%
Mardi 1 Aout 2017
0%
Mardi 8 Aout 2017
0%
Mardi 15 Aout 2017
0%
Mardi 22 Aout 2017
0%
Mardi 29 Aout 2017
0%
Mardi 5 Septembre 2017
0%
Mardi 12 Septembre 2017
0%
Mardi 19 Septembre 2017
0%
Mardi 26 Septembre 2017
0%
Mardi 3 Octobre 2017
0%
Mardi 24 Octobre 2017
0%
Mardi 31 Octobre 2017
0%
Mardi 7 Novembre 2017
0%
Mardi 14 Novembre 2017
0%
Mardi 21 Novembre 2017
0%
Mardi 28 Novembre 2017
0%
Mardi 5 Décembre 2017
0%
Mardi 19 Décembre 2017
0%
Mardi 26 Décembre 2017
0%
Mardi 2 Janvier 2018
0%
Mardi 9 Janvier 2018
0%
Mardi 16 Janvier 2018
0%
Mardi 23 Janvier 2018
0%
Mardi 30 Janvier 2018
0%
Mardi 6 Février 2018
0%
Mardi 13 Février 2018
0%
Mardi 20 Février 2018
0%
Mardi 27 Février 2018
0%
Mardi 6 Mars 2018
0%
Mardi 13 Mars 2018
0%
Mardi 27 Mars 2018
0%
Mardi 10 Avril 2018
0%
Mardi 17 Avril 2018
0%
Mardi 1 Mai 2018
0%
Mardi 8 Mai 2018
0%
Mardi 22 Mai 2018
0%
Mardi 29 Mai 2018
0%
Mardi 5 Juin 2018
0%
Mardi 12 Juin 2018
0%
Mardi 19 Juin 2018
0%
Mardi 26 Juin 2018
0%
Mardi 3 Juillet 2018
0%
Mardi 10 Juillet 2018
0%
Mardi 17 Juillet 2018
0%
Mardi 24 Juillet 2018
0%
Mardi 31 Juillet 2018
0%
Mardi 7 Aout 2018
0%
Mardi 14 Aout 2018
0%
Mardi 21 Aout 2018
0%
Mardi 28 Aout 2018
0%
Mardi 4 Septembre 2018
0%
Mardi 11 Septembre 2018
0%
Mardi 18 Septembre 2018
0%
Mardi 25 Septembre 2018
0%
Mardi 2 Octobre 2018
0%
Mardi 9 Octobre 2018
0%
Mardi 16 Octobre 2018
0%
Mardi 23 Octobre 2018
0%
Mardi 30 Octobre 2018
0%
Mardi 6 Novembre 2018
0%
Mardi 13 Novembre 2018
0%
Mardi 20 Novembre 2018
0%
Mardi 27 Novembre 2018
0%
Mardi 4 Décembre 2018
0%
Mardi 11 Décembre 2018
0%
Mardi 18 Décembre 2018
0%
Mardi 25 Décembre 2018
0%
Mardi 1 Janvier 2019
0%
Mardi 8 Janvier 2019
0%
Mardi 15 Janvier 2019
0%
Mardi 22 Janvier 2019
0%
Mardi 29 Janvier 2019
0%
Mardi 5 Février 2019
0%
Mardi 12 Février 2019
0%
Mardi 19 Février 2019
0%
Mardi 5 Mars 2019
0%
Mardi 12 Mars 2019
0%
Mardi 19 Mars 2019
0%
Mardi 26 Mars 2019
0%
Mardi 2 Avril 2019
0%
Mardi 9 Avril 2019
0%
Mardi 16 Avril 2019
0%
Mardi 23 Avril 2019
0%
Mardi 30 Avril 2019
0%
Mardi 7 Mai 2019
0%
Mardi 14 Mai 2019
0%
Mardi 21 Mai 2019
0%
Mardi 28 Mai 2019
0%
Mardi 4 Juin 2019
0%
Mardi 11 Juin 2019
0%
Mardi 18 Juin 2019
0%
Mardi 2 Juillet 2019
0%
Mardi 9 Juillet 2019
0%
Mardi 16 Juillet 2019
0%
Mardi 23 Juillet 2019
0%
Mardi 30 Juillet 2019
0%
Mardi 6 Aout 2019
0%
Mardi 13 Aout 2019
0%
Mardi 20 Aout 2019
0%
Mardi 27 Aout 2019
0%
Mardi 3 Septembre 2019
0%
Mardi 10 Septembre 2019
0%
Mardi 24 Septembre 2019
0%
Mardi 1 Octobre 2019
0%
Mardi 8 Octobre 2019
0%
Mardi 15 Octobre 2019
0%
Mardi 22 Octobre 2019
0%
Mardi 29 Octobre 2019
0%
Mardi 5 Novembre 2019
0%
Mardi 12 Novembre 2019
0%
Mardi 26 Novembre 2019
0%
Mardi 3 Décembre 2019
0%
Mardi 17 Décembre 2019
0%
Mardi 24 Décembre 2019
0%
Mardi 31 Décembre 2019
0%
Mercredi 7 Janvier 2015
0%
Mercredi 14 Janvier 2015
0%
Mercredi 21 Janvier 2015
0%
Mercredi 28 Janvier 2015
0%
Mercredi 4 Février 2015
0%
Mercredi 11 Février 2015
0%
Mercredi 25 Février 2015
0%
Mercredi 4 Mars 2015
0%
Mercredi 11 Mars 2015
0%
Mercredi 25 Mars 2015
0%
Mercredi 1 Avril 2015
0%
Mercredi 8 Avril 2015
0%
Mercredi 15 Avril 2015
0%
Mercredi 22 Avril 2015
0%
Mercredi 29 Avril 2015
0%
Mercredi 6 Mai 2015
0%
Mercredi 13 Mai 2015
0%
Mercredi 20 Mai 2015
0%
Mercredi 27 Mai 2015
0%
Mercredi 3 Juin 2015
0%
Mercredi 10 Juin 2015
0%
Mercredi 17 Juin 2015
0%
Mercredi 1 Juillet 2015
0%
Mercredi 8 Juillet 2015
0%
Mercredi 15 Juillet 2015
0%
Mercredi 22 Juillet 2015
0%
Mercredi 29 Juillet 2015
0%
Mercredi 5 Aout 2015
0%
Mercredi 12 Aout 2015
0%
Mercredi 19 Aout 2015
0%
Mercredi 26 Aout 2015
0%
Mercredi 2 Septembre 2015
0%
Mercredi 9 Septembre 2015
0%
Mercredi 16 Septembre 2015
0%
Mercredi 23 Septembre 2015
0%
Mercredi 30 Septembre 2015
0%
Mercredi 7 Octobre 2015
0%
Mercredi 14 Octobre 2015
0%
Mercredi 21 Octobre 2015
0%
Mercredi 28 Octobre 2015
0%
Mercredi 4 Novembre 2015
0%
Mercredi 11 Novembre 2015
0%
Mercredi 18 Novembre 2015
0%
Mercredi 25 Novembre 2015
0%
Mercredi 2 Décembre 2015
0%
Mercredi 9 Décembre 2015
0%
Mercredi 16 Décembre 2015
0%
Mercredi 30 Décembre 2015
0%
Mercredi 6 Janvier 2016
0%
Mercredi 13 Janvier 2016
0%
Mercredi 20 Janvier 2016
0%
Mercredi 27 Janvier 2016
0%
Mercredi 3 Février 2016
0%
Mercredi 10 Février 2016
0%
Mercredi 17 Février 2016
0%
Mercredi 24 Février 2016
0%
Mercredi 16 Mars 2016
0%
Mercredi 23 Mars 2016
0%
Mercredi 30 Mars 2016
0%
Mercredi 13 Avril 2016
0%
Mercredi 20 Avril 2016
0%
Mercredi 27 Avril 2016
0%
Mercredi 4 Mai 2016
0%
Mercredi 11 Mai 2016
0%
Mercredi 18 Mai 2016
0%
Mercredi 25 Mai 2016
0%
Mercredi 1 Juin 2016
0%
Mercredi 8 Juin 2016
0%
Mercredi 15 Juin 2016
0%
Mercredi 29 Juin 2016
0%
Mercredi 6 Juillet 2016
0%
Mercredi 13 Juillet 2016
0%
Mercredi 20 Juillet 2016
0%
Mercredi 27 Juillet 2016
0%
Mercredi 10 Aout 2016
0%
Mercredi 17 Aout 2016
0%
Mercredi 24 Aout 2016
0%
Mercredi 7 Septembre 2016
0%
Mercredi 14 Septembre 2016
0%
Mercredi 21 Septembre 2016
0%
Mercredi 28 Septembre 2016
0%
Mercredi 5 Octobre 2016
0%
Mercredi 12 Octobre 2016
0%
Mercredi 19 Octobre 2016
0%
Mercredi 26 Octobre 2016
0%
Mercredi 9 Novembre 2016
0%
Mercredi 16 Novembre 2016
0%
Mercredi 23 Novembre 2016
0%
Mercredi 30 Novembre 2016
0%
Mercredi 7 Décembre 2016
0%
Mercredi 21 Décembre 2016
0%
Mercredi 28 Décembre 2016
0%
Mercredi 4 Janvier 2017
0%
Mercredi 11 Janvier 2017
0%
Mercredi 18 Janvier 2017
0%
Mercredi 25 Janvier 2017
0%
Mercredi 8 Février 2017
0%
Mercredi 15 Février 2017
0%
Mercredi 22 Février 2017
0%
Mercredi 1 Mars 2017
0%
Mercredi 8 Mars 2017
0%
Mercredi 15 Mars 2017
0%
Mercredi 22 Mars 2017
0%
Mercredi 29 Mars 2017
0%
Mercredi 5 Avril 2017
0%
Mercredi 12 Avril 2017
0%
Mercredi 19 Avril 2017
0%
Mercredi 26 Avril 2017
0%
Mercredi 3 Mai 2017
0%
Mercredi 10 Mai 2017
0%
Mercredi 17 Mai 2017
0%
Mercredi 24 Mai 2017
0%
Mercredi 31 Mai 2017
0%
Mercredi 7 Juin 2017
0%
Mercredi 14 Juin 2017
0%
Mercredi 21 Juin 2017
0%
Mercredi 28 Juin 2017
0%
Mercredi 5 Juillet 2017
0%
Mercredi 12 Juillet 2017
0%
Mercredi 26 Juillet 2017
0%
Mercredi 2 Aout 2017
0%
Mercredi 9 Aout 2017
0%
Mercredi 16 Aout 2017
0%
Mercredi 23 Aout 2017
0%
Mercredi 30 Aout 2017
0%
Mercredi 6 Septembre 2017
0%
Mercredi 13 Septembre 2017
0%
Mercredi 27 Septembre 2017
0%
Mercredi 4 Octobre 2017
0%
Mercredi 18 Octobre 2017
0%
Mercredi 25 Octobre 2017
0%
Mercredi 1 Novembre 2017
0%
Mercredi 8 Novembre 2017
0%
Mercredi 15 Novembre 2017
0%
Mercredi 22 Novembre 2017
0%
Mercredi 29 Novembre 2017
0%
Mercredi 6 Décembre 2017
0%
Mercredi 13 Décembre 2017
0%
Mercredi 20 Décembre 2017
0%
Mercredi 27 Décembre 2017
0%
Mercredi 3 Janvier 2018
0%
Mercredi 10 Janvier 2018
0%
Mercredi 17 Janvier 2018
0%
Mercredi 24 Janvier 2018
0%
Mercredi 31 Janvier 2018
0%
Mercredi 7 Février 2018
0%
Mercredi 14 Février 2018
0%
Mercredi 21 Février 2018
0%
Mercredi 28 Février 2018
0%
Mercredi 7 Mars 2018
0%
Mercredi 14 Mars 2018
0%
Mercredi 21 Mars 2018
0%
Mercredi 28 Mars 2018
0%
Mercredi 4 Avril 2018
0%
Mercredi 11 Avril 2018
0%
Mercredi 18 Avril 2018
0%
Mercredi 25 Avril 2018
0%
Mercredi 2 Mai 2018
0%
Mercredi 9 Mai 2018
0%
Mercredi 16 Mai 2018
0%
Mercredi 23 Mai 2018
0%
Mercredi 30 Mai 2018
0%
Mercredi 6 Juin 2018
0%
Mercredi 13 Juin 2018
0%
Mercredi 20 Juin 2018
0%
Mercredi 27 Juin 2018
0%
Mercredi 4 Juillet 2018
0%
Mercredi 11 Juillet 2018
0%
Mercredi 1 Aout 2018
0%
Mercredi 8 Aout 2018
0%
Mercredi 15 Aout 2018
0%
Mercredi 22 Aout 2018
0%
Mercredi 29 Aout 2018
0%
Mercredi 5 Septembre 2018
0%
Mercredi 12 Septembre 2018
0%
Mercredi 19 Septembre 2018
0%
Mercredi 3 Octobre 2018
0%
Mercredi 10 Octobre 2018
0%
Mercredi 17 Octobre 2018
0%
Mercredi 31 Octobre 2018
0%
Mercredi 7 Novembre 2018
0%
Mercredi 14 Novembre 2018
0%
Mercredi 21 Novembre 2018
0%
Mercredi 28 Novembre 2018
0%
Mercredi 5 Décembre 2018
0%
Mercredi 12 Décembre 2018
0%
Mercredi 26 Décembre 2018
0%
Mercredi 9 Janvier 2019
0%
Mercredi 16 Janvier 2019
0%
Mercredi 30 Janvier 2019
0%
Mercredi 6 Février 2019
0%
Mercredi 13 Février 2019
0%
Mercredi 27 Février 2019
0%
Mercredi 6 Mars 2019
0%
Mercredi 13 Mars 2019
0%
Mercredi 20 Mars 2019
0%
Mercredi 27 Mars 2019
0%
Mercredi 10 Avril 2019
0%
Mercredi 17 Avril 2019
0%
Mercredi 24 Avril 2019
0%
Mercredi 1 Mai 2019
0%
Mercredi 15 Mai 2019
0%
Mercredi 22 Mai 2019
0%
Mercredi 29 Mai 2019
0%
Mercredi 5 Juin 2019
0%
Mercredi 12 Juin 2019
0%
Mercredi 19 Juin 2019
0%
Mercredi 26 Juin 2019
0%
Mercredi 3 Juillet 2019
0%
Mercredi 10 Juillet 2019
0%
Mercredi 17 Juillet 2019
0%
Mercredi 24 Juillet 2019
0%
Mercredi 31 Juillet 2019
0%
Mercredi 7 Aout 2019
0%
Mercredi 14 Aout 2019
0%
Mercredi 21 Aout 2019
0%
Mercredi 28 Aout 2019
0%
Mercredi 4 Septembre 2019
0%
Mercredi 11 Septembre 2019
0%
Mercredi 18 Septembre 2019
0%
Mercredi 25 Septembre 2019
0%
Mercredi 2 Octobre 2019
0%
Mercredi 9 Octobre 2019
0%
Mercredi 16 Octobre 2019
0%
Mercredi 30 Octobre 2019
0%
Mercredi 6 Novembre 2019
0%
Mercredi 13 Novembre 2019
0%
Mercredi 20 Novembre 2019
0%
Mercredi 27 Novembre 2019
0%
Mercredi 4 Décembre 2019
0%
Mercredi 11 Décembre 2019
0%
Mercredi 25 Décembre 2019
0%
Samedi 3 Janvier 2015
0%
Samedi 10 Janvier 2015
0%
Samedi 17 Janvier 2015
0%
Samedi 24 Janvier 2015
0%
Samedi 31 Janvier 2015
0%
Samedi 7 Février 2015
0%
Samedi 14 Février 2015
0%
Samedi 28 Février 2015
0%
Samedi 7 Mars 2015
0%
Samedi 14 Mars 2015
0%
Samedi 21 Mars 2015
0%
Samedi 28 Mars 2015
0%
Samedi 11 Avril 2015
0%
Samedi 18 Avril 2015
0%
Samedi 25 Avril 2015
0%
Samedi 2 Mai 2015
0%
Samedi 9 Mai 2015
0%
Samedi 16 Mai 2015
0%
Samedi 23 Mai 2015
0%
Samedi 30 Mai 2015
0%
Samedi 6 Juin 2015
0%
Samedi 13 Juin 2015
0%
Samedi 20 Juin 2015
0%
Samedi 27 Juin 2015
0%
Samedi 4 Juillet 2015
0%
Samedi 11 Juillet 2015
0%
Samedi 18 Juillet 2015
0%
Samedi 25 Juillet 2015
0%
Samedi 1 Aout 2015
0%
Samedi 8 Aout 2015
0%
Samedi 15 Aout 2015
0%
Samedi 22 Aout 2015
0%
Samedi 29 Aout 2015
0%
Samedi 5 Septembre 2015
0%
Samedi 12 Septembre 2015
0%
Samedi 19 Septembre 2015
0%
Samedi 26 Septembre 2015
0%
Samedi 3 Octobre 2015
0%
Samedi 10 Octobre 2015
0%
Samedi 17 Octobre 2015
0%
Samedi 24 Octobre 2015
0%
Samedi 31 Octobre 2015
0%
Samedi 7 Novembre 2015
0%
Samedi 21 Novembre 2015
0%
Samedi 28 Novembre 2015
0%
Samedi 5 Décembre 2015
0%
Samedi 12 Décembre 2015
0%
Samedi 19 Décembre 2015
0%
Samedi 26 Décembre 2015
0%
Samedi 2 Janvier 2016
0%
Samedi 9 Janvier 2016
0%
Samedi 16 Janvier 2016
0%
Samedi 23 Janvier 2016
0%
Samedi 30 Janvier 2016
0%
Samedi 6 Février 2016
0%
Samedi 20 Février 2016
0%
Samedi 27 Février 2016
0%
Samedi 5 Mars 2016
0%
Samedi 12 Mars 2016
0%
Samedi 19 Mars 2016
0%
Samedi 26 Mars 2016
0%
Samedi 2 Avril 2016
0%
Samedi 16 Avril 2016
0%
Samedi 23 Avril 2016
0%
Samedi 30 Avril 2016
0%
Samedi 7 Mai 2016
0%
Samedi 14 Mai 2016
0%
Samedi 21 Mai 2016
0%
Samedi 28 Mai 2016
0%
Samedi 4 Juin 2016
0%
Samedi 11 Juin 2016
0%
Samedi 18 Juin 2016
0%
Samedi 25 Juin 2016
0%
Samedi 2 Juillet 2016
0%
Samedi 9 Juillet 2016
0%
Samedi 16 Juillet 2016
0%
Samedi 23 Juillet 2016
0%
Samedi 30 Juillet 2016
0%
Samedi 6 Aout 2016
0%
Samedi 13 Aout 2016
0%
Samedi 20 Aout 2016
0%
Samedi 27 Aout 2016
0%
Samedi 3 Septembre 2016
0%
Samedi 10 Septembre 2016
0%
Samedi 17 Septembre 2016
0%
Samedi 24 Septembre 2016
0%
Samedi 1 Octobre 2016
0%
Samedi 8 Octobre 2016
0%
Samedi 15 Octobre 2016
0%
Samedi 22 Octobre 2016
0%
Samedi 29 Octobre 2016
0%
Samedi 5 Novembre 2016
0%
Samedi 12 Novembre 2016
0%
Samedi 19 Novembre 2016
0%
Samedi 26 Novembre 2016
0%
Samedi 3 Décembre 2016
0%
Samedi 17 Décembre 2016
0%
Samedi 24 Décembre 2016
0%
Samedi 31 Décembre 2016
0%
Samedi 7 Janvier 2017
0%
Samedi 14 Janvier 2017
0%
Samedi 21 Janvier 2017
0%
Samedi 28 Janvier 2017
0%
Samedi 4 Février 2017
0%
Samedi 11 Février 2017
0%
Samedi 18 Février 2017
0%
Samedi 25 Février 2017
0%
Samedi 4 Mars 2017
0%
Samedi 11 Mars 2017
0%
Samedi 18 Mars 2017
0%
Samedi 1 Avril 2017
0%
Samedi 8 Avril 2017
0%
Samedi 22 Avril 2017
0%
Samedi 29 Avril 2017
0%
Samedi 6 Mai 2017
0%
Samedi 13 Mai 2017
0%
Samedi 20 Mai 2017
0%
Samedi 27 Mai 2017
0%
Samedi 3 Juin 2017
0%
Samedi 10 Juin 2017
0%
Samedi 17 Juin 2017
0%
Samedi 24 Juin 2017
0%
Samedi 1 Juillet 2017
0%
Samedi 8 Juillet 2017
0%
Samedi 15 Juillet 2017
0%
Samedi 22 Juillet 2017
0%
Samedi 29 Juillet 2017
0%
Samedi 5 Aout 2017
0%
Samedi 12 Aout 2017
0%
Samedi 19 Aout 2017
0%
Samedi 26 Aout 2017
0%
Samedi 2 Septembre 2017
0%
Samedi 9 Septembre 2017
0%
Samedi 16 Septembre 2017
0%
Samedi 23 Septembre 2017
0%
Samedi 30 Septembre 2017
0%
Samedi 14 Octobre 2017
0%
Samedi 21 Octobre 2017
0%
Samedi 28 Octobre 2017
0%
Samedi 4 Novembre 2017
0%
Samedi 11 Novembre 2017
0%
Samedi 18 Novembre 2017
0%
Samedi 25 Novembre 2017
0%
Samedi 2 Décembre 2017
0%
Samedi 9 Décembre 2017
0%
Samedi 16 Décembre 2017
0%
Samedi 23 Décembre 2017
0%
Samedi 30 Décembre 2017
0%
Samedi 6 Janvier 2018
0%
Samedi 13 Janvier 2018
0%
Samedi 20 Janvier 2018
0%
Samedi 27 Janvier 2018
0%
Samedi 3 Février 2018
0%
Samedi 10 Février 2018
0%
Samedi 17 Février 2018
0%
Samedi 24 Février 2018
0%
Samedi 3 Mars 2018
0%
Samedi 10 Mars 2018
0%
Samedi 17 Mars 2018
0%
Samedi 24 Mars 2018
0%
Samedi 31 Mars 2018
0%
Samedi 28 Avril 2018
0%
Samedi 5 Mai 2018
0%
Samedi 12 Mai 2018
0%
Samedi 19 Mai 2018
0%
Samedi 26 Mai 2018
0%
Samedi 2 Juin 2018
0%
Samedi 9 Juin 2018
0%
Samedi 16 Juin 2018
0%
Samedi 23 Juin 2018
0%
Samedi 30 Juin 2018
0%
Samedi 7 Juillet 2018
0%
Samedi 21 Juillet 2018
0%
Samedi 28 Juillet 2018
0%
Samedi 11 Aout 2018
0%
Samedi 18 Aout 2018
0%
Samedi 25 Aout 2018
0%
Samedi 15 Septembre 2018
0%
Samedi 22 Septembre 2018
0%
Samedi 6 Octobre 2018
0%
Samedi 13 Octobre 2018
0%
Samedi 20 Octobre 2018
0%
Samedi 27 Octobre 2018
0%
Samedi 3 Novembre 2018
0%
Samedi 10 Novembre 2018
0%
Samedi 17 Novembre 2018
0%
Samedi 1 Décembre 2018
0%
Samedi 8 Décembre 2018
0%
Samedi 29 Décembre 2018
0%
Samedi 5 Janvier 2019
0%
Samedi 19 Janvier 2019
0%
Samedi 26 Janvier 2019
0%
Samedi 2 Février 2019
0%
Samedi 16 Février 2019
0%
Samedi 23 Février 2019
0%
Samedi 2 Mars 2019
0%
Samedi 9 Mars 2019
0%
Samedi 16 Mars 2019
0%
Samedi 6 Avril 2019
0%
Samedi 13 Avril 2019
0%
Samedi 20 Avril 2019
0%
Samedi 27 Avril 2019
0%
Samedi 4 Mai 2019
0%
Samedi 11 Mai 2019
0%
Samedi 18 Mai 2019
0%
Samedi 25 Mai 2019
0%
Samedi 1 Juin 2019
0%
Samedi 8 Juin 2019
0%
Samedi 15 Juin 2019
0%
Samedi 22 Juin 2019
0%
Samedi 6 Juillet 2019
0%
Samedi 13 Juillet 2019
0%
Samedi 20 Juillet 2019
0%
Samedi 27 Juillet 2019
0%
Samedi 3 Aout 2019
0%
Samedi 10 Aout 2019
0%
Samedi 17 Aout 2019
0%
Samedi 24 Aout 2019
0%
Samedi 31 Aout 2019
0%
Samedi 7 Septembre 2019
0%
Samedi 14 Septembre 2019
0%
Samedi 21 Septembre 2019
0%
Samedi 28 Septembre 2019
0%
Samedi 5 Octobre 2019
0%
Samedi 12 Octobre 2019
0%
Samedi 19 Octobre 2019
0%
Samedi 26 Octobre 2019
0%
Samedi 2 Novembre 2019
0%
Samedi 16 Novembre 2019
0%
Samedi 23 Novembre 2019
0%
Samedi 30 Novembre 2019
0%
Samedi 14 Décembre 2019
0%
Samedi 21 Décembre 2019
0%
Samedi 28 Décembre 2019
0%
Vendredi 2 Janvier 2015
0%
Vendredi 9 Janvier 2015
0%
Vendredi 16 Janvier 2015
0%
Vendredi 23 Janvier 2015
0%
Vendredi 6 Février 2015
0%
Vendredi 27 Février 2015
0%
Vendredi 13 Mars 2015
0%
Vendredi 20 Mars 2015
0%
Vendredi 3 Avril 2015
0%
Vendredi 10 Avril 2015
0%
Vendredi 17 Avril 2015
0%
Vendredi 24 Avril 2015
0%
Vendredi 8 Mai 2015
0%
Vendredi 15 Mai 2015
0%
Vendredi 22 Mai 2015
0%
Vendredi 5 Juin 2015
0%
Vendredi 12 Juin 2015
0%
Vendredi 19 Juin 2015
0%
Vendredi 26 Juin 2015
0%
Vendredi 3 Juillet 2015
0%
Vendredi 10 Juillet 2015
0%
Vendredi 17 Juillet 2015
0%
Vendredi 24 Juillet 2015
0%
Vendredi 31 Juillet 2015
0%
Vendredi 7 Aout 2015
0%
Vendredi 14 Aout 2015
0%
Vendredi 21 Aout 2015
0%
Vendredi 28 Aout 2015
0%
Vendredi 4 Septembre 2015
0%
Vendredi 11 Septembre 2015
0%
Vendredi 18 Septembre 2015
0%
Vendredi 25 Septembre 2015
0%
Vendredi 2 Octobre 2015
0%
Vendredi 16 Octobre 2015
0%
Vendredi 23 Octobre 2015
0%
Vendredi 30 Octobre 2015
0%
Vendredi 6 Novembre 2015
0%
Vendredi 13 Novembre 2015
0%
Vendredi 20 Novembre 2015
0%
Vendredi 27 Novembre 2015
0%
Vendredi 4 Décembre 2015
0%
Vendredi 11 Décembre 2015
0%
Vendredi 18 Décembre 2015
0%
Vendredi 25 Décembre 2015
0%
Vendredi 1 Janvier 2016
0%
Vendredi 8 Janvier 2016
0%
Vendredi 15 Janvier 2016
0%
Vendredi 22 Janvier 2016
0%
Vendredi 29 Janvier 2016
0%
Vendredi 5 Février 2016
0%
Vendredi 12 Février 2016
0%
Vendredi 19 Février 2016
0%
Vendredi 26 Février 2016
0%
Vendredi 4 Mars 2016
0%
Vendredi 11 Mars 2016
0%
Vendredi 18 Mars 2016
0%
Vendredi 25 Mars 2016
0%
Vendredi 1 Avril 2016
0%
Vendredi 8 Avril 2016
0%
Vendredi 15 Avril 2016
0%
Vendredi 22 Avril 2016
0%
Vendredi 29 Avril 2016
0%
Vendredi 6 Mai 2016
0%
Vendredi 13 Mai 2016
0%
Vendredi 20 Mai 2016
0%
Vendredi 27 Mai 2016
0%
Vendredi 3 Juin 2016
0%
Vendredi 10 Juin 2016
0%
Vendredi 17 Juin 2016
0%
Vendredi 24 Juin 2016
0%
Vendredi 1 Juillet 2016
0%
Vendredi 8 Juillet 2016
0%
Vendredi 15 Juillet 2016
0%
Vendredi 22 Juillet 2016
0%
Vendredi 29 Juillet 2016
0%
Vendredi 12 Aout 2016
0%
Vendredi 19 Aout 2016
0%
Vendredi 26 Aout 2016
0%
Vendredi 2 Septembre 2016
0%
Vendredi 9 Septembre 2016
0%
Vendredi 16 Septembre 2016
0%
Vendredi 23 Septembre 2016
0%
Vendredi 30 Septembre 2016
0%
Vendredi 7 Octobre 2016
0%
Vendredi 14 Octobre 2016
0%
Vendredi 21 Octobre 2016
0%
Vendredi 4 Novembre 2016
0%
Vendredi 11 Novembre 2016
0%
Vendredi 18 Novembre 2016
0%
Vendredi 25 Novembre 2016
0%
Vendredi 9 Décembre 2016
0%
Vendredi 16 Décembre 2016
0%
Vendredi 30 Décembre 2016
0%
Vendredi 6 Janvier 2017
0%
Vendredi 13 Janvier 2017
0%
Vendredi 20 Janvier 2017
0%
Vendredi 27 Janvier 2017
0%
Vendredi 3 Février 2017
0%
Vendredi 10 Février 2017
0%
Vendredi 17 Février 2017
0%
Vendredi 24 Février 2017
0%
Vendredi 3 Mars 2017
0%
Vendredi 10 Mars 2017
0%
Vendredi 17 Mars 2017
0%
Vendredi 24 Mars 2017
0%
Vendredi 31 Mars 2017
0%
Vendredi 7 Avril 2017
0%
Vendredi 14 Avril 2017
0%
Vendredi 21 Avril 2017
0%
Vendredi 28 Avril 2017
0%
Vendredi 5 Mai 2017
0%
Vendredi 12 Mai 2017
0%
Vendredi 19 Mai 2017
0%
Vendredi 26 Mai 2017
0%
Vendredi 9 Juin 2017
0%
Vendredi 16 Juin 2017
0%
Vendredi 23 Juin 2017
0%
Vendredi 30 Juin 2017
0%
Vendredi 7 Juillet 2017
0%
Vendredi 14 Juillet 2017
0%
Vendredi 21 Juillet 2017
0%
Vendredi 28 Juillet 2017
0%
Vendredi 4 Aout 2017
0%
Vendredi 11 Aout 2017
0%
Vendredi 18 Aout 2017
0%
Vendredi 25 Aout 2017
0%
Vendredi 1 Septembre 2017
0%
Vendredi 8 Septembre 2017
0%
Vendredi 15 Septembre 2017
0%
Vendredi 22 Septembre 2017
0%
Vendredi 29 Septembre 2017
0%
Vendredi 6 Octobre 2017
0%
Vendredi 13 Octobre 2017
0%
Vendredi 20 Octobre 2017
0%
Vendredi 10 Novembre 2017
0%
Vendredi 17 Novembre 2017
0%
Vendredi 24 Novembre 2017
0%
Vendredi 1 Décembre 2017
0%
Vendredi 8 Décembre 2017
0%
Vendredi 15 Décembre 2017
0%
Vendredi 22 Décembre 2017
0%
Vendredi 29 Décembre 2017
0%
Vendredi 5 Janvier 2018
0%
Vendredi 12 Janvier 2018
0%
Vendredi 19 Janvier 2018
0%
Vendredi 26 Janvier 2018
0%
Vendredi 2 Février 2018
0%
Vendredi 9 Février 2018
0%
Vendredi 16 Février 2018
0%
Vendredi 2 Mars 2018
0%
Vendredi 9 Mars 2018
0%
Vendredi 23 Mars 2018
0%
Vendredi 30 Mars 2018
0%
Vendredi 6 Avril 2018
0%
Vendredi 13 Avril 2018
0%
Vendredi 20 Avril 2018
0%
Vendredi 27 Avril 2018
0%
Vendredi 4 Mai 2018
0%
Vendredi 11 Mai 2018
0%
Vendredi 25 Mai 2018
0%
Vendredi 1 Juin 2018
0%
Vendredi 15 Juin 2018
0%
Vendredi 22 Juin 2018
0%
Vendredi 29 Juin 2018
0%
Vendredi 6 Juillet 2018
0%
Vendredi 13 Juillet 2018
0%
Vendredi 20 Juillet 2018
0%
Vendredi 27 Juillet 2018
0%
Vendredi 3 Aout 2018
0%
Vendredi 24 Aout 2018
0%
Vendredi 31 Aout 2018
0%
Vendredi 7 Septembre 2018
0%
Vendredi 14 Septembre 2018
0%
Vendredi 28 Septembre 2018
0%
Vendredi 5 Octobre 2018
0%
Vendredi 12 Octobre 2018
0%
Vendredi 19 Octobre 2018
0%
Vendredi 26 Octobre 2018
0%
Vendredi 2 Novembre 2018
0%
Vendredi 9 Novembre 2018
0%
Vendredi 16 Novembre 2018
0%
Vendredi 23 Novembre 2018
0%
Vendredi 30 Novembre 2018
0%
Vendredi 7 Décembre 2018
0%
Vendredi 14 Décembre 2018
0%
Vendredi 21 Décembre 2018
0%
Vendredi 28 Décembre 2018
0%
Vendredi 4 Janvier 2019
0%
Vendredi 11 Janvier 2019
0%
Vendredi 18 Janvier 2019
0%
Vendredi 25 Janvier 2019
0%
Vendredi 1 Février 2019
0%
Vendredi 8 Février 2019
0%
Vendredi 15 Février 2019
0%
Vendredi 22 Février 2019
0%
Vendredi 1 Mars 2019
0%
Vendredi 8 Mars 2019
0%
Vendredi 15 Mars 2019
0%
Vendredi 22 Mars 2019
0%
Vendredi 29 Mars 2019
0%
Vendredi 5 Avril 2019
0%
Vendredi 12 Avril 2019
0%
Vendredi 19 Avril 2019
0%
Vendredi 26 Avril 2019
0%
Vendredi 3 Mai 2019
0%
Vendredi 10 Mai 2019
0%
Vendredi 17 Mai 2019
0%
Vendredi 24 Mai 2019
0%
Vendredi 31 Mai 2019
0%
Vendredi 7 Juin 2019
0%
Vendredi 14 Juin 2019
0%
Vendredi 28 Juin 2019
0%
Vendredi 12 Juillet 2019
0%
Vendredi 19 Juillet 2019
0%
Vendredi 26 Juillet 2019
0%
Vendredi 2 Aout 2019
0%
Vendredi 16 Aout 2019
0%
Vendredi 23 Aout 2019
0%
Vendredi 30 Aout 2019
0%
Vendredi 6 Septembre 2019
0%
Vendredi 13 Septembre 2019
0%
Vendredi 20 Septembre 2019
0%
Vendredi 27 Septembre 2019
0%
Vendredi 4 Octobre 2019
0%
Vendredi 11 Octobre 2019
0%
Vendredi 18 Octobre 2019
0%
Vendredi 25 Octobre 2019
0%
Vendredi 1 Novembre 2019
0%
Vendredi 8 Novembre 2019
0%
Vendredi 15 Novembre 2019
0%
Vendredi 22 Novembre 2019
0%
Vendredi 29 Novembre 2019
0%
Vendredi 6 Décembre 2019
0%
Vendredi 13 Décembre 2019
0%
Vendredi 20 Décembre 2019
0%
Vendredi 27 Décembre 2019
0%
Aucun quiz correspondant
Distribution des résultats
% des personnes avec chaque résultat
Percentile par nombre de réponses
Votre historique - résultats
Vous n’avez pas pris ce quiz